| 000 | 00342nam a22001097a 4500 | ||
|---|---|---|---|
| 082 | _a657.3BUR | ||
| 100 | _aCorporate financial reporting;ethical and other problems | ||
| 245 | _acorporate financial and other problems | ||
| 260 |
_anew york _bAmerican institute of certified public accountants,inc _c1972 |
||
| 300 |
_a293p. _b28cm |
||
| 942 | _cBK | ||
| 999 |
_c18784 _d18784 |
||